La diplomático (Record no. 183932)

MARC details
000 -LEADER
campo de control de longitud fija 00891nam a22002295i 4500
001 - NÚMERO DE CONTROL
campo de control 183932
003 - IDENTIFICADOR DE NÚMERO DE CONTROL
campo de control ES-MaACL
005 - FECHA Y HORA DE LA ÚLTIMA TRANSACCIÓN
campo de control 20230906222014.0
008 - DATOS DE LONGITUD FIJA--INFORMACIÓN GENERAL
campo de control de longitud fija 141202q18631900sp a |||| | spa d
100 0# - ENTRADA PRINCIPAL--NOMBRE DE PERSONA
Nombre de persona Scribe, Eugène.
9 (RLIN) 104966
245 13 - MENCIÓN DEL TÍTULO
Título La diplomático
Resto del título : comedia en dos actos /
Mención de responsabilidad, etc. escrita en francés por E. Scribe y G. Delavigne ; traducción de A. Rodríguez.
260 ## - PUBLICACIÓN, DISTRIBUCIÓN, ETC.
Lugar de publicación, distribución, etc. [Sl. :
Nombre del editor, distribuidor, etc. s.n.,
Fecha de publicación, distribución, etc. 1863?] (
Fabricante Impr. de Narciso Ramírez)
300 ## - DESCRIPCIÓN FÍSICA
Extensión 11 p. :
Otras características físicas il. ;
Dimensiones 27 cm.
594 ## - Nota al título y mención de responsabilidad
Nota al título y mención de responsabilidad Tit. tomado de comienzo de texto.
594 ## - Nota al título y mención de responsabilidad
Nota al título y mención de responsabilidad Precede al tít.: Museo Dramático Ilustrado.
596 ## - NOTA AL PIE DE IMPRENTA
NOTA AL PIE DE IMPRENTA El Museo Dramático Universal : colección de comedias escogidas, se publico en Barcelona en 1863.
597 ## - NOTA DE DESCRIPCIÓN FÍSICA
NOTA DE DESCRIPCIÓN FÍSICA Texto a dos col.
599 ## - NOTA A LAS ILUSTRACIONES
NOTA A LAS ILUSTRACIONES Grab. precede al tit.
700 1# - ENTRADA AGREGADA--NOMBRE PERSONAL
Nombre de persona Delavigne, Germain.
9 (RLIN) 139024
700 0# - ENTRADA AGREGADA--NOMBRE PERSONAL
Nombre de persona Rodríguez, A.
9 (RLIN) 98199
852 ## - LOCALIZACIÓN
Ubicación ES-MaACL
Número de control de estantería T-1440-F-10
Holdings
Estatus retirado Estado de pérdida Estado de daño No para préstamo Colección Biblioteca de origen Biblioteca actual Ubicación en estantería Fecha de adquisición Fuente de adquisición Total de préstamos Signatura topográfica completa Código de barras Visto por última vez Precio de reemplazo Tipo de ítem Koha
        Colección de folletos Biblioteca del Ateneo de Madrid Biblioteca del Ateneo de Madrid Depósito folletos 02/12/2014     T-1440-F-10 1193409 23/02/2023 23/02/2023 Folleto